| 000 | 00428nam a22001457a 4500 | ||
|---|---|---|---|
| 082 |
_a621.43 _bJUD _cL-12, P-22 |
||
| 100 |
_aJudge, Arthur W. _941819 |
||
| 245 | _aThe testing of high speed internal combustion engines. | ||
| 250 | _a3rd ed. | ||
| 260 |
_aEngland _bChapman and Hall Ltd. _c1944 |
||
| 300 |
_aviii, 462 p. : _bill. : _c6 Cm |
||
| 526 |
_a0 _b0 _c0 _d621_430000000000000_JUD |
||
| 650 |
_aMCE _9379 |
||
| 942 |
_2ddc _cBK |
||
| 999 |
_c545847 _d545847 |
||